| 000 | 00457cam a2200193ua 4500 | ||
|---|---|---|---|
| 020 | _cRs 6.00 | ||
| 041 |
_aeng _h |
||
| 082 |
_a320.2 _bMAT/MO |
||
| 100 | _aMathiew, T . | ||
| 245 |
_aModern governments / _cT Mathiew. _hTextual Documents |
||
| 250 |
_a1 / _b. |
||
| 260 |
_aChennai : _bS.Viswanathan , _c1964. |
||
| 300 | _a359 ; . | ||
| 365 | _aRs 6.00 | ||
| 504 | _a | ||
| 700 | 1 | _aKrishnan, V M . | |
| 942 | _cBK | ||
| 999 |
_c1505 _d1505 |
||